| 000 | 00392nam a22001697a 4500 | ||
|---|---|---|---|
| 005 | 20160614100303.0 | ||
| 008 | 160614b xxu||||| |||| 00| 0 eng d | ||
| 020 | _a978-81-203-3744-2 | ||
| 041 | _aeng | ||
| 082 | _b7325 | ||
| 100 |
_aTeguchi, Sherrie Gong _91837 |
||
| 245 | _aThe Career Trobleshooter | ||
| 260 |
_bPHI _c2009 |
||
| 300 | _a237 | ||
| 650 |
_aManagement _9241 |
||
| 942 | _cBK | ||
| 999 |
_c2581 _d2580 |
||